Мистерии в историята (Запис номер 42258)
[ съкратено ]
| 000 -Лидер | |
|---|---|
| Контролно поле с фиксирана дължина | 01565nam a2200397 c 4500 |
| 003 - Код на организацията, давaща контролен номер | |
| Контролно поле | BLK |
| 005 - Дата и час на последна редакция | |
| Контролно поле | 20240927170413.0 |
| 008 - Елементи от данни с фиксирана дължина | |
| fixed length control field | 180408b bul|||||r ||||||| ||bul|| |
| 010 ## - Наследен системен номер | |
| LC control number | KNG00045919000 |
| 020 ## - Международен стандартен номер на книга ISBN | |
| Международен стандартен номер на книга ISBN | 978-954-28-0952-4 |
| -- | издат.: Ciela Soft and Publ. |
| 040 ## - Източник на каталожния запис | |
| Идентификатор на билиотеката - собственик на записа | BLK |
| 041 ## - Код за език | |
| Код за езика на текст/звукозапис или на отделно заглавие | Български |
| Код за езика КДБФ | Български |
| 072 #7 - Код за тематичната категория | |
| Код организация | bullib |
| Код за тематична категория | Н92 |
| Текст | История Н |
| 080 ## - УДК | |
| Текстов определител УДК | Обща световна история. История на света |
| УДК код - определител по УДК | 930.9 |
| УДК определител | (02.062) |
| УДК - код + определител | 930.9(02.062) |
| 100 1# - Редна дума - Автор | |
| Автор | Хотън, Брайън |
| Авторска отговорност | първи автор |
| R(LIN) | 278112 |
| 139 ## - Редно поле | |
| Редна дума | Хотън, Брайън |
| Авторски знак | Хот - Х 70 |
| 245 10 - Сведения за заглавието | |
| Заглавие | Мистерии в историята |
| Подзаглавни данни | Хора, места и необикновени неща, забулени в мрака на времето |
| Редно поле (дума) | Брайън Хотън; прев. от англ. Илия Георгиев Илиев. |
| 257 ## - Страна на издаване | |
| Страна на създаване/издаване | Съединени американски щати |
| 260 ## - Област на издателските данни | |
| -- | София |
| Име на издателя, разпространителя и проч. | Ciela Soft and Publ. |
| Година на издаване | 2011 |
| 300 ## - Физическа характеристика | |
| Страници | 302 с. |
| Илюстрации и др. | с ил. |
| Размери/Мащаб | 23 см |
| 380 ## - Жанр | |
| Жанр | История |
| 490 1# - СЕРИИ (Колекции) | |
| Име на серия | Historia incognita |
| 500 ## - Общи забележки | |
| Забележка | Ориг. загл. Hystory's Mysteries / Brian Haughton. - Библиогр. с. 287-298. |
| 650 #4 - Допълнително описание по предмет – тема | |
| Основно описание – тема или топоним | История, обща |
| 9 (RLIN) | 264694 |
| 653 ## - Ключова дума – ненормативна | |
| Ключова дума | история |
| 653 ## - Ключова дума – ненормативна | |
| Ключова дума | артефакти |
| 653 ## - Ключова дума – ненормативна | |
| Ключова дума | загадки |
| 659 ## - Тематичен бюлетин | |
| Тематичен бюлетин | Н |
| 700 1# - Други автори (авторска отговорност) | |
| Лично име | Илиев, Илия Георгиев |
| 9 (RLIN) | 72362 |
| 852 ## - Местоположение | |
| Форматна сигнатура | Цб 254246 |
| 856 4# - Електронен адрес и достъп | |
| Електронен формат | pdf - файл |
| Път до файла /url/ | |
| 856 4# - Електронен адрес и достъп | |
| Електронен формат | pdf - файл |
| Път до файла /url/ | |
| 942 ## - АРТИКУЛИ | |
| Вид на библиотечния материал | Книги |
| Скрит в OPAC | Не |
| Koha issues (borrowed), all copies | 13 |
| 944 ## - СЪЗДАВАНЕ И РЕДАКЦИЯ на ЗАПИСА | |
| Създаване/Редакция | Създаване |
| Дата на регистрацията/редакция | 05.01.2012 |
| Статус, дата на статуса | Цветелина Шанова |
| Служител, извършил регистрацията/редакцията | 30531 |
| 944 ## - СЪЗДАВАНЕ И РЕДАКЦИЯ на ЗАПИСА | |
| Създаване/Редакция | Редакция |
| Дата на регистрацията/редакция | 14.03.2013 |
| Статус, дата на статуса | ф / |
| Служител, извършил регистрацията/редакцията | |
| 999 ## - СИСТЕМНИ КОНТРОЛНИ НОМЕРА | |
| Koha biblionumber | 42258 |
| Koha biblioitemnumber | 42258 |
| Код за отписване | Код за изгубен артикул | Източник на класификационната схема | Код за повреда | Коз за рестрикции | Код за отдаване | Артикулен № | Име на библиотеката - собственик | Име на библиотеката, в която се намира в момента | Статус (Текущо местоположение) | Дата на вписване в системата | Местоположение - отдел | Цена в лева | Инвентарен номер | Систематично азбучна сигнатура | Баркод | Номер на екземпляра | Цена в евро | Служебна бележка | Служебен тип на артикула |
|---|---|---|---|---|---|---|---|---|---|---|---|---|---|---|---|---|---|---|---|
| Не е изгубен | Universal Decimal Classification | Не е повреден | без рестрикции | заемане за дома | 66100 | Регионална библиотека "Любен Каравелов" Русе | Регионална библиотека "Любен Каравелов" Русе | Заемна - подръчен фонд | 2011-12-19 | Заемна - подръчен фонд | 15.00 | 120000755807 | 930/Х 70 Б | 120000755807 | 1 | 7.67 | Дост: Pk Вид: Ф N: 291 Дата: 15.12.2011 Дата инв: 07.02.2018 Бележки инв: П2018 | Книги | |
| Не е изгубен | Universal Decimal Classification | Не е повреден | без рестрикции | заемане за дома | 66101 | Регионална библиотека "Любен Каравелов" Русе | Регионална библиотека "Любен Каравелов" Русе | Заемна - подръчен фонд | 2011-12-19 | Заемна - подръчен фонд | 15.00 | 120000755808 | 930/Х 70 Б | 120000755808 | 2 | 7.67 | Дост: Pk Вид: Ф N: 291 Дата: 15.12.2011 Дата инв: 07.02.2018 Бележки инв: П2018 | Книги | |
| Не е изгубен | Не е повреден | без рестрикции | ползва се в читалня | 66102 | Регионална библиотека "Любен Каравелов" Русе | Регионална библиотека "Любен Каравелов" Русе | Читалня | 2013-03-11 | Читалня | 10.50 | 120000764861 | Ч 930/Х 70 | 120000764861 | 3 | 5.37 | Дост: Pk Вид: Ф N: 423 Дата: 03.03.2013 Дата инв: 28.03.2017 Бележки инв: Ч2017 | Книги |